ABA Champions Quiz - Statistics

General Stats
  • This quiz has been taken 22 times
  • The average score is 6 of 9
Answer Stats
Year Team % Correct
1970 Indiana Pacers
93%
1972 Indiana Pacers
86%
1973 Indiana Pacers
86%
1974 New York Nets
86%
1976 New York Nets
86%
1975 Kentucky Colonels
64%
1971 Utah Stars
43%
1969 Oakland Oaks
36%
1968 Pittsburgh Pipers
36%
No matching quizzes found
Score Distribution
Percent of People with Each Score
Percentile by Number Answered
Your Score History
You have not taken this quiz